[Event "Pardubice Czech op-C 28th"]
[Site "Pardubice"]
[Date "2017.07.26"]
[Round "6"]
[White "Lukonin, Andrey"]
[Black "Lorenc, Adam"]
[Result "1-0"]
[WhiteElo "2021"]
[BlackElo "1799"]
[PlyCount "75"]
[EventDate "2017.07.22"]
[EventType "swiss"]
[EventRounds "9"]
[EventCountry "CZE"]
[SourceTitle "CBM 179 Extra"]
[Source "ChessBase"]
[SourceDate "2017.08.23"]
[SourceVersion "1"]
[SourceVersionDate "2017.08.23"]
[SourceQuality "1"]

1. e4 c5 2. Nf3 e6 3. d4 cxd4 4. Nxd4 Nf6 5. Nc3 Bb4 6. e5 Ne4 7. Qg4 Nxc3 8. Qxg7 Rf8 9. a3 Qh4 10. axb4 Qxd4 11. Bh6 Qe4+ 12. Kd2 Qxb4 13. bxc3 Qe7 14. Bd3 d5 15. Qxf8+ Qxf8 16. Bxf8 Kxf8 17. Bxh7 Nc6 18. f4 Bd7 19. Bd3 Kg7 20. Rhb1 Rb8 21. Bb5 a6 22. Bxc6 Bxc6 23. Rxa6 Rh8 24. Raa1 Rxh2 25. Rg1 Bb5 26. Ke3 Ba6 27. Rh1 Rxg2 28. Rhg1 Rxg1 29. Rxg1+ Kf8 30. Kd4 Bc4 31. Kc5 b5 32. Rb1 Kg7 33. Rxb5 Bxb5 34. Kxb5 Kg6 35. c4 dxc4 36. Kxc4 Kf5 37. Kd4 Kxf4 38. c4 1-0